| 000 | 00739nam a22002417a 4500 | ||
|---|---|---|---|
| 005 | 20170124105922.0 | ||
| 010 | _aA-702236 | ||
| 020 |
_c00.00 _a8170187605 |
||
| 035 | _aA-702236 | ||
| 037 | _bCen Lib/Ret | ||
| 040 |
_aDPL _bEN |
||
| 082 |
_a305.8 _bRIZ |
||
| 100 |
_aRizvi, S.H.M. _972400 |
||
| 245 |
_aIn search of roots : _cby S.H.M. Rizvi [and] Shibani Roy _ba study of ethnogenesis / |
||
| 260 |
_aDelhi _bB.R. publishing _c1994 |
||
| 270 |
_bDelhi _a29/9, Nagnia park _e110007 |
||
| 300 |
_a621p. _c21cm(Hb) |
||
| 500 | _aIncludes index | ||
| 650 |
_aEthnology -- India _918472 |
||
| 650 |
_aIndia -- Ethnic relations -- History _972401 |
||
| 700 |
_aRoy, Shibani _95029 |
||
| 942 |
_2ddc _cEN _h305.8 _mRIZ |
||
| 999 |
_c123252 _d123252 |
||